[Event "Mondiale Lampo FIDE 2018"]
[Site "San Pietroburgo"]
[Date "29.12.2018"]
[Round "1.1"]
[White "Carlsen, Magnus"]
[Black "Popov, Ivan"]
[Result "1-0"]
[WhiteElo "2835"]
[BlackElo "2592"]
[Annotator "TA"]
[PlyCount "153"]
[EventDate "2018.??.??"]

1. e4 c5 2. Nf3 Nf6 3. e5 Nd5 4. Nc3 Nxc3 5. dxc3 Nc6 6. Bf4 e6 7. Qd2 h6 8. h4
a6 9. h5 b5 10. a4 b4 11. Bd3 Bb7 12. Be4 Qc7 13. O-O bxc3 14. bxc3 Ne7 15.
Bxb7 Qxb7 16. c4 Nf5 17. Rab1 Qc6 18. a5 Be7 19. Rfd1 Rd8 20. Rb6 Qe4 21. Rxa6
O-O 22. Rb6 Qxc4 23. a6 Ra8 24. Ra1 Bd8 25. Rb7 Rxa6 26. Rxa6 Qxa6 27. Rxd7 Ba5
28. Qd3 Qc6 29. c4 Nd4 30. Rd6 Nxf3+ 31. gxf3 Qb7 32. Kg2 Bc7 33. Rd7 Qc6 34.
Bg3 Re8 35. Kh2 Bb8 36. f4 Rf8 37. Bh4 Bc7 38. Qd1 Bb8 39. Rd8 Bc7 40. Rxf8+
Kxf8 41. Qd3 Kg8 42. Bg3 Qe8 43. f5 Qd8 44. Qxd8+ Bxd8 45. fxe6 fxe6 46. Kh3
Kf7 47. Kg4 g6 48. Bf4 g5 49. Be3 Be7 50. f4 gxf4 51. Bxf4 Bf8 52. Be3 Ke8 53.
Kf3 Kd7 54. Ke4 Kc6 55. Kd3 Kb6 56. Kc3 Bg7 57. Kb3 Bf8 58. Ka4 Bg7 59. Bd2 Ka6
60. Bc3 Kb6 61. Ba5+ Kc6 62. Bc3 Kb6 63. Kb3 Bf8 64. Kc2 Bg7 65. Kd3 Bf8 66.
Ke4 Bg7 67. Be1 Kc6 68. Bh4 Kd7 69. Kf4 Ke8 70. Bf6 Bxf6 71. exf6 Kf8 72. Ke5
Kf7 73. Kd6 Kxf6 74. Kxc5 Ke7 75. Kc6 e5 76. Kd5 Kf6 77. c5 1-0

[Event "Mondiale Lampo FIDE 2018"]
[Site "San Pietroburgo"]
[Date "29.12.2018"]
[Round "2.1"]
[White "Grigoriants, Sergey"]
[Black "Carlsen, Magnus"]
[Result "1/2-1/2"]
[WhiteElo "2540"]
[BlackElo "2835"]
[Annotator "TA"]
[PlyCount "137"]
[EventDate "2018.??.??"]

1. Nf3 d5 2. d4 a6 3. Bf4 e6 4. e3 Bd6 5. Bd3 Nf6 6. O-O O-O 7. Nbd2 b6 8. Bxd6
cxd6 9. c4 dxc4 10. Nxc4 Bb7 11. Rc1 Nc6 12. a3 b5 13. Ncd2 Qb6 14. Qe2 Rac8
15. Rc2 Rc7 16. Rfc1 Rfc8 17. b4 Ne7 18. Nb3 Be4 19. Ne1 h6 20. Rxc7 Rxc7 21.
Rxc7 Qxc7 22. Qc2 Qxc2 23. Bxc2 Bxc2 24. Nxc2 Ned5 25. Na5 Kf8 26. Kf1 Nb6 27.
Ke2 Ke7 28. f3 Nfd5 29. Kd3 f5 30. g3 Nf6 31. Ke2 g5 32. Ne1 g4 33. Nd3 gxf3+
34. Kxf3 Ne4 35. Nf4 Nd2+ 36. Ke2 Ndc4 37. Nc6+ Kd7 38. Nb8+ Kc7 39. Nxa6+ Kb7
40. Nxe6 Kxa6 41. Nc7+ Kb7 42. Nxb5 Kc6 43. Na7+ Kd7 44. Nb5 Nd5 45. Kf3 Ncxe3
46. Nc3 Nxc3 47. Kxe3 Kc6 48. Kf4 Kd5 49. Kxf5 Kxd4 50. g4 Ke3 51. h4 d5 52. g5
hxg5 53. h5 g4 54. h6 g3 55. h7 g2 56. h8=Q g1=Q 57. Qxc3+ Ke2 58. Qe5+ Qe3 59.
Qxd5 Qxa3 60. b5 Kf2 61. Qd4+ Kg2 62. b6 Qb3 63. Qe4+ Kg1 64. b7 Qf7+ 65. Kg4
Qg7+ 66. Kh3 Qh6+ 67. Qh4 Qe3+ 68. Qg3+ Kh1 69. Qxe3 1/2-1/2

[Event "Mondiale Lampo FIDE 2018"]
[Site "San Pietroburgo"]
[Date "29.12.2018"]
[Round "3.1"]
[White "Carlsen, Magnus"]
[Black "Teterev, Vitaly"]
[Result "1-0"]
[WhiteElo "2835"]
[BlackElo "2486"]
[Annotator "TA"]
[PlyCount "121"]
[EventDate "2018.??.??"]

1. d4 Nf6 2. Nf3 g6 3. Nbd2 Bg7 4. e4 d6 5. Bb5+ c6 6. Bd3 O-O 7. O-O Nbd7 8.
c3 e5 9. Re1 Re8 10. Nc4 Qc7 11. a4 exd4 12. cxd4 d5 13. exd5 Rxe1+ 14. Qxe1
Nxd5 15. Qe8+ Nf8 16. Bd2 Nf6 17. Qe5 Qd8 18. Nd6 Nd5 19. Qg3 Ne6 20. Re1 Bf8
21. Ne4 Qc7 22. Qh4 Qd8 23. Qxd8 Nxd8 24. Nc3 Nb4 25. Be4 Be6 26. h4 a5 27. h5
Bc4 28. Ne5 Be6 29. Bg5 Bg7 30. hxg6 hxg6 31. Bf4 Bb3 32. Nf3 Ne6 33. Be5 Bc2
34. Bxg7 Kxg7 35. Bxc2 Nxc2 36. Rd1 Rd8 37. d5 cxd5 38. Rxd5 Rxd5 39. Nxd5 Nc5
40. Nc3 Nb4 41. Ne5 Nbd3 42. Nc4 Kf6 43. Kf1 Ke6 44. Ke2 Nc1+ 45. Ke3 N1b3 46.
g4 f5 47. g5 Nd7 48. f4 Ndc5 49. Ne5 Na1 50. Nxg6 Nc2+ 51. Kd2 Nd4 52. Ne5 Na6
53. Kd3 Nb3 54. Kc4 Nd2+ 55. Kb5 Ne4 56. g6 Nac5 57. Nxe4 Nxe4 58. g7 Nf6 59.
Kxa5 Kd5 60. Kb6 Ke4 61. Ng6 1-0

[Event "Mondiale Lampo FIDE 2018"]
[Site "San Pietroburgo"]
[Date "29.12.2018"]
[Round "4.1"]
[White "Bosiocic, Marin"]
[Black "Carlsen, Magnus"]
[Result "0-1"]
[WhiteElo "2599"]
[BlackElo "2835"]
[Annotator "TA"]
[PlyCount "42"]
[EventDate "2018.??.??"]

1. e4 c5 2. Nf3 Nc6 3. Bb5 g6 4. Bxc6 dxc6 5. d3 Bg7 6. h3 Nf6 7. Nc3 Nd7 8.
Be3 e5 9. Qd2 h6 10. O-O-O b6 11. h4 Nf8 12. h5 g5 13. Ne2 Ne6 14. Ng3 Nf4 15.
Ne1 Be6 16. Kb1 Qd7 17. Nf1 O-O-O 18. g3 f5 19. f3 fxe4 20. dxe4 Qf7 21. Qc1
Ne2 0-1

[Event "Mondiale Lampo FIDE 2018"]
[Site "San Pietroburgo"]
[Date "29.12.2018"]
[Round "5.1"]
[White "Carlsen, Magnus"]
[Black "Shirov, Alexei"]
[Result "1/2-1/2"]
[WhiteElo "2835"]
[BlackElo "2643"]
[Annotator "TA"]
[PlyCount "90"]
[EventDate "2018.??.??"]

1. e4 e5 2. Nf3 Nc6 3. Bb5 a6 4. Ba4 Nf6 5. d3 d6 6. c3 g6 7. O-O Bg7 8. Re1
O-O 9. Nbd2 Nh5 10. Nf1 f5 11. Bb3+ Kh8 12. Ng5 Qf6 13. exf5 Bxf5 14. Be3 Nf4
15. Bxf4 exf4 16. Ne4 Bxe4 17. Rxe4 f3 18. g3 Rae8 19. Rxe8 Rxe8 20. Ne3 h5 21.
Bd5 Bh6 22. Qxf3 Qxf3 23. Bxf3 Bxe3 24. fxe3 Rxe3 25. Kf2 Re8 26. d4 Kg7 27.
Re1 Rxe1 28. Kxe1 Nd8 29. Kf2 Kf6 30. Ke3 c6 31. h4 d5 32. a4 Nf7 33. Bg2 Nd6
34. b3 a5 35. Kf4 b6 36. c4 dxc4 37. bxc4 c5 38. dxc5 bxc5 39. Bf1 Nc8 40. Bd3
Nb6 41. Bc2 Nxc4 42. Ke4 Nb6 43. Bb3 g5 44. Bd1 gxh4 45. gxh4 Nxa4 1/2-1/2

[Event "Mondiale Lampo FIDE 2018"]
[Site "San Pietroburgo"]
[Date "29.12.2018"]
[Round "6.1"]
[White "Zhigalko, Sergei"]
[Black "Carlsen, Magnus"]
[Result "1/2-1/2"]
[WhiteElo "2604"]
[BlackElo "2835"]
[Annotator "TA"]
[PlyCount "98"]
[EventDate "2018.??.??"]

1. e4 c5 2. Nf3 Nc6 3. c3 Nf6 4. e5 Nd5 5. Bc4 Nb6 6. Bb3 c4 7. Bc2 d6 8. exd6
Qxd6 9. O-O Bg4 10. Re1 e6 11. b3 Be7 12. Na3 cxb3 13. axb3 Qd7 14. Nc4 Nxc4
15. bxc4 O-O 16. d4 Rfd8 17. Be4 Bh5 18. Bf4 Bg6 19. Bxc6 Qxc6 20. Ne5 Qc8 21.
Qf3 Bd6 22. c5 Bxe5 23. Bxe5 f6 24. Bd6 a5 25. h4 h5 26. c4 a4 27. Re3 b6 28.
cxb6 Qxc4 29. b7 Qxd4 30. Rd1 Qxd1+ 31. Qxd1 Rab8 32. Rxe6 Rxb7 33. Qxa4 Bf7
34. Be7 Re8 35. Re3 Rbxe7 36. Rxe7 Rxe7 37. f3 Re8 38. Kf2 Re5 39. Qc6 Re6 40.
Qc8+ Re8 41. Qf5 Re5 42. Qd3 Rd5 43. Qe3 Re5 44. Qd4 Kh7 45. Qd7 Bg6 46. Qd6
Rb5 47. Qd4 Re5 48. Qc4 Rf5 49. Qd4 Re5 1/2-1/2

[Event "Mondiale Lampo FIDE 2018"]
[Site "San Pietroburgo"]
[Date "29.12.2018"]
[Round "7.1"]
[White "Carlsen, Magnus"]
[Black "Duda, Jan-Krzysztof"]
[Result "1-0"]
[WhiteElo "2835"]
[BlackElo "2738"]
[Annotator "TA"]
[PlyCount "69"]
[EventDate "2018.??.??"]

1. c4 Nf6 2. Nc3 e5 3. Nf3 Nc6 4. g3 Bb4 5. Nd5 Bc5 6. Bg2 d6 7. O-O O-O 8. e3
Bb6 9. Nxb6 axb6 10. b3 Bf5 11. d3 Qd7 12. Nh4 Bh3 13. e4 Bxg2 14. Kxg2 Nd4 15.
Be3 b5 16. Bxd4 exd4 17. cxb5 Qxb5 18. Nf5 Qb6 19. Qd2 h6 20. Qf4 d5 21. e5 Nh7
22. Qg4 g6 23. Nxh6+ Kh8 24. h4 c5 25. h5 g5 26. Nf5 Qe6 27. Rfe1 b6 28. Re2
Rg8 29. Rae1 Ra7 30. f3 Rga8 31. a4 Rg8 32. Nd6 Qxg4 33. fxg4 Nf8 34. Rf2 Kg7
35. Ref1 1-0

[Event "Mondiale Lampo FIDE 2018"]
[Site "San Pietroburgo"]
[Date "29.12.2018"]
[Round "8.1"]
[White "Carlsen, Magnus"]
[Black "Firouzja, Alireza"]
[Result "1-0"]
[WhiteElo "2835"]
[BlackElo "2607"]
[Annotator "TA"]
[PlyCount "63"]
[EventDate "2018.??.??"]

1. c4 g6 2. g3 Bg7 3. Bg2 Nf6 4. Nc3 O-O 5. Nf3 d6 6. d4 Nc6 7. O-O e5 8. dxe5
dxe5 9. Bg5 Be6 10. Qa4 Qb8 11. Bxf6 Bxf6 12. Nd2 Bg7 13. Rfd1 Rd8 14. Nb3 Nd4
15. Nc5 c6 16. e3 Bg4 17. exd4 exd4 18. N3e4 Bxd1 19. Rxd1 Qc7 20. Qb3 b6 21.
Nd3 Rab8 22. c5 bxc5 23. Qc4 Qa5 24. Nexc5 Bf8 25. b4 Qa3 26. Ne5 Qxb4 27.
Qxf7+ Kh8 28. Qf6+ Bg7 29. Qg5 Re8 30. Nxc6 Qc4 31. Nxb8 Qe2 32. Qd2 1-0

[Event "Mondiale Lampo FIDE 2018"]
[Site "San Pietroburgo"]
[Date "29.12.2018"]
[Round "9.1"]
[White "Andreikin, Dmitry"]
[Black "Carlsen, Magnus"]
[Result "1/2-1/2"]
[WhiteElo "2719"]
[BlackElo "2835"]
[Annotator "TA"]
[PlyCount "152"]
[EventDate "2018.??.??"]

1. e4 c5 2. Nc3 Nc6 3. Bb5 Nd4 4. Nf3 a6 5. Bd3 Nc6 6. O-O d6 7. b3 g6 8. Bb2
Bg7 9. h3 e6 10. Na4 e5 11. Nc3 Nge7 12. a4 O-O 13. Bc4 h6 14. Nd5 Kh7 15. Nxe7
Qxe7 16. Re1 f5 17. d3 Bd7 18. Bd5 Nb4 19. Bxb7 Rab8 20. Bd5 Nxd5 21. exd5 Qf7
22. c4 g5 23. Nxe5 dxe5 24. Bxe5 Bxe5 25. Rxe5 Qf6 26. d4 cxd4 27. Qxd4 Rfe8
28. Rae1 Rxe5 29. Qxe5 Qxe5 30. Rxe5 Kg6 31. Re7 Rd8 32. c5 Kf6 33. d6 a5 34.
f3 f4 35. Kf2 Be6 36. Rb7 Ke5 37. Rb5 Ra8 38. d7 Kd5 39. Rb6 Bxd7 40. Rd6+ Kxc5
41. Rxd7 Rb8 42. Rd3 Rb6 43. g3 Re6 44. gxf4 gxf4 45. Rc3+ Kb4 46. Rc4+ Kxb3
47. Rxf4 Rb6 48. Rh4 Ka3 49. Re4 Rb2+ 50. Ke3 h5 51. h4 Rb3+ 52. Ke2 Rb2+ 53.
Ke3 Rb3+ 54. Kf2 Rc3 55. f4 Rc5 56. Ke3 Kb3 57. Rd4 Kc3 58. Ke4 Rc8 59. Rd3+
Kb4 60. Rd4+ Kc3 61. Rd3+ Kb4 62. f5 Kxa4 63. f6 Kb4 64. Kf5 a4 65. f7 a3 66.
Kg6 a2 67. Rd1 Kb3 68. Ra1 Kb2 69. Rxa2+ Kxa2 70. Kxh5 Kb3 71. Kg6 Kc4 72. Kg7
Kd5 73. h5 Ke6 74. f8=Q Rxf8 75. Kxf8 Kf6 76. h6 Kg6 1/2-1/2

[Event "Mondiale Lampo FIDE 2018"]
[Site "San Pietroburgo"]
[Date "29.12.2018"]
[Round "10.1"]
[White "Carlsen, Magnus"]
[Black "Svidler, Peter"]
[Result "1-0"]
[WhiteElo "2835"]
[BlackElo "2737"]
[Annotator "TA"]
[PlyCount "73"]
[EventDate "2018.??.??"]

1. c4 g6 2. g3 c5 3. Bg2 Bg7 4. Nc3 Nc6 5. Nf3 d6 6. O-O e6 7. e3 Nge7 8. d4
O-O 9. Re1 Rb8 10. b3 cxd4 11. Nxd4 Nxd4 12. exd4 Nf5 13. Be3 Nxe3 14. Rxe3 a6
15. Rc1 Bh6 16. f4 Bg7 17. Rd3 b6 18. Qd2 Bd7 19. h4 Qe7 20. Kh2 Rfc8 21. a4
Be8 22. Re1 b5 23. axb5 axb5 24. Nxb5 Bxb5 25. cxb5 Rxb5 26. d5 e5 27. f5 Rcb8
28. Qc2 gxf5 29. Rf3 f4 30. Rxf4 Rxb3 31. Qf5 Rb1 32. Rxb1 Rxb1 33. Rg4 Rb2 34.
Kh3 h5 35. Rg5 Qa7 36. Be4 Qg1 37. Qc8# 1-0

[Event "Mondiale Lampo FIDE 2018"]
[Site "San Pietroburgo"]
[Date "29.12.2018"]
[Round "11.1"]
[White "Aronian, Levon"]
[Black "Carlsen, Magnus"]
[Result "0-1"]
[WhiteElo "2765"]
[BlackElo "2835"]
[Annotator "TA"]
[PlyCount "178"]
[EventDate "2018.??.??"]

1. e4 c5 2. Nf3 Nc6 3. Nc3 e5 4. Bc4 Be7 5. d3 d6 6. O-O Nf6 7. h3 O-O 8. Ne2
a6 9. a3 b5 10. Ba2 Be6 11. Bxe6 fxe6 12. Ng3 d5 13. Re1 d4 14. c3 Kh8 15. Qe2
Nd7 16. Bd2 Na5 17. cxd4 Nb3 18. dxe5 Rxf3 19. gxf3 Nxd2 20. Qxd2 Nxe5 21. Qe3
Nxd3 22. Rad1 c4 23. Rxd3 Qxd3 24. Qxd3 cxd3 25. Rd1 Rd8 26. f4 b4 27. axb4
Bxb4 28. Kg2 d2 29. Kf3 Rd3+ 30. Ke2 Rb3 31. Rb1 Kg8 32. Nf1 d1=Q+ 33. Kxd1 Rf3
34. Ke2 Rxf4 35. Ng3 Bc5 36. f3 Rh4 37. Rh1 Kf7 38. Nf1 Kf6 39. Nd2 Ke5 40. Nb3
Bb6 41. Nc1 Kf6 42. Nd3 a5 43. f4 g5 44. Kf3 gxf4 45. Nxf4 Bc7 46. Nd3 Rh5 47.
Rf1 Ke7 48. Kg4 Rb5 49. Rc1 h5+ 50. Kf3 Bd6 51. Rc3 Rg5 52. Kf2 h4 53. Rb3 Rg3
54. Nc1 Bc5+ 55. Ke2 Bd4 56. Rb7+ Kf6 57. Nb3 Bxb2 58. Nxa5 Rxh3 59. Nc4 Bd4
60. Rd7 e5 61. Nd2 Re3+ 62. Kf1 h3 63. Rh7 Kg5 64. Nc4 Rf3+ 65. Ke2 Rf2+ 66.
Ke1 Rh2 67. Nd6 Kf4 68. Rf7+ Ke3 69. Nf5+ Kxe4 70. Ng3+ Kd5 71. Ne2 Rh1+ 72.
Kd2 Ra1 73. Rh7 Ra2+ 74. Kd1 Ra3 75. Rh5 Ke6 76. Kd2 Kf6 77. Rh8 Kg5 78. Rg8+
Kf5 79. Ng3+ Ke6 80. Ne2 h2 81. Rh8 Be3+ 82. Kc2 Ra2+ 83. Kd3 Bf4 84. Nxf4+
exf4 85. Ke4 Rf2 86. Rh3 Kf6 87. Rh8 Kg5 88. Rh7 Kg4 89. Rg7+ Kh3 0-1

[Event "Mondiale Lampo FIDE 2018"]
[Site "San Pietroburgo"]
[Date "29.12.2018"]
[Round "12.1"]
[White "Artemiev, Vladislav"]
[Black "Carlsen, Magnus"]
[Result "1/2-1/2"]
[WhiteElo "2709"]
[BlackElo "2835"]
[Annotator "TA"]
[PlyCount "139"]
[EventDate "2018.??.??"]

1. b3 g6 2. Bb2 Nf6 3. g3 Bg7 4. Bg2 O-O 5. Nf3 c5 6. c4 d6 7. O-O e5 8. d3 Nc6
9. Nc3 Ne8 10. Nd2 Nc7 11. a3 a5 12. e3 Rb8 13. Nd5 b5 14. Qc2 Be6 15. Rae1 f5
16. f4 bxc4 17. dxc4 e4 18. Bxg7 Kxg7 19. Nc3 Ne8 20. g4 h6 21. gxf5 gxf5 22.
Ndxe4 fxe4 23. Nxe4 Ne7 24. Rd1 Qc7 25. Ng3 Nf5 26. Nxf5+ Bxf5 27. e4 Bh7 28.
Qc3+ Kg8 29. e5 dxe5 30. fxe5 Ng7 31. Bd5+ Kh8 32. e6 Qe7 33. Rf7 Rxf7 34. exf7
Rf8 35. Re1 Qg5+ 36. Kh1 Bg6 37. Rg1 Qf5 38. Qe3 Kh7 39. Qe7 Rxf7 40. Bxf7 Qf3+
41. Rg2 Bxf7 42. h4 Bg6 43. Kh2 Qf4+ 44. Kg1 Qd4+ 45. Kh2 Qf4+ 46. Kg1 Qd4+ 47.
Kh2 Bf5 48. Rg3 Bg4 49. Rg2 h5 50. Qg5 Qd6+ 51. Kg1 Ne6 52. Qf6 Qd4+ 53. Qxd4
Nxd4 54. Rb2 Bd1 55. b4 cxb4 56. axb4 a4 57. b5 Bb3 58. b6 a3 59. Rb1 a2 60.
Ra1 Bxc4 61. b7 Nc6 62. Kf2 Kg6 63. Ke3 Kf5 64. Kd2 Ke5 65. Kc3 Kd5 66. Kb2 Kc5
67. Rg1 Kb6 68. Rc1 Kb5 69. Rg1 Kb6 70. Rc1 1/2-1/2

[Event "Mondiale Lampo FIDE 2018"]
[Site "San Pietroburgo"]
[Date "30.12.2018"]
[Round "15.1"]
[White "Carlsen, Magnus"]
[Black "Tsydypov, Zhamsaran"]
[Result "1-0"]
[WhiteElo "2835"]
[BlackElo "2529"]
[Annotator "TA"]
[PlyCount "67"]
[EventDate "2018.??.??"]

1. c4 e5 2. Nc3 Nc6 3. Nf3 Nf6 4. e4 Bb4 5. d3 Bxc3+ 6. bxc3 d6 7. Be2 O-O 8.
O-O h6 9. Rb1 b6 10. Ne1 Ne7 11. f4 exf4 12. Bxf4 Ng6 13. Bg3 Re8 14. Nc2 Bb7
15. Ne3 c6 16. Nf5 Re6 17. Qd2 d5 18. exd5 cxd5 19. c5 Qc8 20. cxb6 Rxb6 21.
Rxb6 axb6 22. Nxh6+ gxh6 23. Rxf6 d4 24. Qxh6 Qe8 25. Bd1 Bd5 26. c4 Bc6 27.
Bb3 Ba4 28. Bxa4 Rxa4 29. Rxb6 Ra8 30. h4 Qe7 31. h5 Nf8 32. Rb5 Ne6 33. Be5
Qh4 34. Qh8# 1-0

[Event "Mondiale Lampo FIDE 2018"]
[Site "San Pietroburgo"]
[Date "30.12.2018"]
[Round "16.1"]
[White "Golubov, Saveliy"]
[Black "Carlsen, Magnus"]
[Result "0-1"]
[WhiteElo "2482"]
[BlackElo "2835"]
[Annotator "TA"]
[PlyCount "94"]
[EventDate "2018.??.??"]

1. d4 d5 2. Nf3 Nf6 3. Bf4 e6 4. e3 Bd6 5. Bg3 c5 6. c3 Qc7 7. Nbd2 Nbd7 8. Bd3
b6 9. Qe2 Bb7 10. Bxd6 Qxd6 11. e4 dxe4 12. Nxe4 Qc7 13. Nxf6+ Nxf6 14. dxc5
Qxc5 15. O-O O-O 16. Rad1 Rfd8 17. h3 h6 18. Bc2 a5 19. Rxd8+ Rxd8 20. Rd1
Rxd1+ 21. Qxd1 Qd5 22. Qxd5 Bxd5 23. a3 Bxf3 24. gxf3 Nd5 25. Be4 Nf4 26. h4 f5
27. Bc6 Kf7 28. b4 Ne2+ 29. Kg2 Nxc3 30. bxa5 bxa5 31. f4 Ke7 32. Kf3 Kd6 33.
Be8 Nb1 34. a4 Nc3 35. Ke3 Nd5+ 36. Kf3 Nc7 37. Bh5 Kc5 38. Ke3 Nd5+ 39. Kf3
Kb4 40. Be8 Nb6 41. Bf7 Nxa4 42. Bxe6 Nc5 43. Bxf5 a4 44. Bb1 a3 45. Ba2 Kc3
46. f5 Kb2 47. Bd5 Nb3 0-1

[Event "Mondiale Lampo FIDE 2018"]
[Site "San Pietroburgo"]
[Date "30.12.2018"]
[Round "18.1"]
[White "Carlsen, Magnus"]
[Black "Gelfand, Boris"]
[Result "1/2-1/2"]
[WhiteElo "2835"]
[BlackElo "2673"]
[Annotator "TA"]
[PlyCount "56"]
[EventDate "2018.??.??"]

1. c4 c5 2. Nf3 Nf6 3. Nc3 Nc6 4. d4 cxd4 5. Nxd4 e6 6. e4 Bb4 7. Nxc6 bxc6 8.
Bd3 e5 9. O-O O-O 10. Qe2 Re8 11. Na4 d5 12. a3 Bd6 13. Bg5 h6 14. Bxf6 Qxf6
15. cxd5 cxd5 16. Nc3 d4 17. Nd5 Qg5 18. Rac1 Bh3 19. Qf3 Be6 20. Rc6 Rad8 21.
Bc4 Kh8 22. Ra6 Bb8 23. b3 Rf8 24. Qg3 Qd2 25. h3 Bc8 26. Ra4 Bd7 27. Ra6 Bc8
28. Ra4 Bd7 1/2-1/2

[Event "Mondiale Lampo FIDE 2018"]
[Site "San Pietroburgo"]
[Date "30.12.2018"]
[Round "20.1"]
[White "Nepomniachtchi, Ian"]
[Black "Carlsen, Magnus"]
[Result "1/2-1/2"]
[WhiteElo "2763"]
[BlackElo "2835"]
[Annotator "TA"]
[PlyCount "41"]
[EventDate "2018.??.??"]

1. e4 c5 2. Nf3 Nc6 3. d4 cxd4 4. Nxd4 Nf6 5. Nc3 e5 6. Ndb5 d6 7. Bg5 a6 8.
Na3 b5 9. Nd5 Be7 10. Bxf6 Bxf6 11. c4 b4 12. Nc2 a5 13. g3 O-O 14. Bg2 g6 15.
O-O Bg7 16. b3 Rb8 17. Qd2 Be6 18. Rad1 Rb7 19. Kh1 a4 20. f4 axb3 21. axb3
1/2-1/2

[Event "Mondiale Lampo FIDE 2018"]
[Site "San Pietroburgo"]
[Date "30.12.2018"]
[Round "21.1"]
[White "Carlsen, Magnus"]
[Black "Korobov, Anton"]
[Result "1-0"]
[WhiteElo "2835"]
[BlackElo "2698"]
[Annotator "TA"]
[PlyCount "41"]
[EventDate "2018.??.??"]

1. d4 Nf6 2. Nf3 e6 3. Bg5 h6 4. Bh4 d6 5. c3 g5 6. Bg3 Nh5 7. e4 Bg7 8. Bd3
Nd7 9. Nbd2 b6 10. Qe2 Bb7 11. Nc4 Qe7 12. Nfd2 Nxg3 13. hxg3 a6 14. f4 d5 15.
exd5 Bxd5 16. Ne3 Bb7 17. Be4 Bxe4 18. Nxe4 f5 19. Nd2 Nf6 20. O-O-O O-O 21.
Nxf5 1-0